Jednoduchá spoločnosť na akcie: tip pre start-upy

Definovanie pojmu start-up. Možnosti,ktoré ponúka legislatíva pre podporu podnikania na Slovensku.

Salvato in:
Dettagli Bibliografici
Natura: Capitolo di libro
Lingua:slovacco
Soggetti:
Tags: Aggiungi Tag
Nessun Tag, puoi essere il primo ad aggiungerne!!

MARC

LEADER 00000naa a2200000 4500
001 0241406
005 20180322141126.0
041 0 |a slo 
044 |a SK 
245 1 0 |a Jednoduchá spoločnosť na akcie: tip pre start-upy 
520 |a Definovanie pojmu start-up. Možnosti,ktoré ponúka legislatíva pre podporu podnikania na Slovensku. 
610 2 0 |a podpora podnikania 
610 2 0 |a podnikanie malé 
610 2 0 |a podnikanie stredné 
610 2 0 |a Slovensko 
610 2 0 |a start-up 
610 2 0 |a zdroje finančné